| 000 | 00691nam a2200241 4500 | ||
|---|---|---|---|
| 005 | 20260322212053.0 | ||
| 008 | data | ||
| 010 | _a 78186824 | ||
| 020 | _a0687167388 | ||
| 020 | _a9780687167388 | ||
| 040 |
_aDLC _cDLC _dYUS |
||
| 049 | _aYUTI | ||
| 050 | 0 |
_aBR1702 _b.J58 |
|
| 096 | _aWM 61 J636h 1972 | ||
| 245 | 0 | 0 |
_aHealer of the mind : _ba psychiatrist's search for faith. _cedited by Paul Emanuel Johnson. |
| 260 |
_aNashville, _bAbingdon Press _c[1972] |
||
| 300 |
_a270 p. _c23 cm. |
||
| 504 | _aIncludes bibliographical references. | ||
| 590 | _aIncludes bibliographical references. | ||
| 650 | 0 | _aChristian biography. | |
| 700 | 1 |
_aJohnson, Paul Emanuel, _d1898- |
|
| 001 | data | ||
| 999 |
_c1264 _d1264 |
||